000
00307nam a2200121Ia 4500
008
220204s9999 xx 000 0 und d
020
_a
8125910050
082
_a
339.52
_b
RAO
100
_a
Rao, M B
245
0
_a
WTO and international trade
260
_a
New Delhi
_b
Vikas Publishing House
_c
2001
942
_c
BK
999
_c
42088
_d
42088